| 000 | 01409nam0a22003131 4500 | ||
|---|---|---|---|
| 001 | RU\INFOCOMM_322\NLR\5000278928 | ||
| 005 | 20250614081104.0 | ||
| 035 | _a(NLR Aleph) 010627605 | ||
| 090 |
_a10624659 _c10624659 |
||
| 100 | _a20130329d1990 |||y0rusy50 ca | ||
| 101 | 0 | _aeng | |
| 102 | _aRU | ||
| 105 | _ay z|||| | ||
| 200 | 1 |
_aNuclear effects and J/Ψ suppression in collision of relativistic nuclei _eInvited talk at the X Intern. seminar on high energy physics problems, Dubna, 24-29 Sept., 1990 _fV. A. Saleev, N. P. Zotov |
|
| 210 |
_aM. _cNuclear physics inst. _d1990 |
||
| 215 |
_a12 с. _cил. _d19 см |
||
| 225 | 1 |
_aPreprint _fMoscow state univ., Nuclear physics inst. _v90-48/194 |
|
| 300 | _aВ вып. дан.: Ядерные эффекты и подавление J/Ψ-частиц в столкновениях релятивистских ядер / Николай Петрович Зотов, Владимир Анатольевич Салеев | ||
| 320 | _aБиблиогр.: с. 12 | ||
| 606 | 0 |
_aАтомное ядро релятивистское _xСтолкновения _2nlr_sh1 |
|
| 620 | _aМосква | ||
| 686 |
_aВ383.5 _2rubbk |
||
| 700 | 1 |
_aSaleev _bV. A. _gVladimir Anatol'evič |
|
| 701 | 1 |
_aZotov _bN. P. _gNikolaj Petrovič |
|
| 801 | 1 |
_aRU _bInfocomm _c20130329 |
|
| 801 | 0 |
_aRU _bINFOCOMM _gPSBO |
|
| 852 |
_aNLR _jФз01 Д-4/6183 |
||
| 942 | _cBOOK | ||
| 980 | _aNB | ||